000
00382nam a2200145Ia 4500
008
100122s9999 xx 000 0 und d
082
_b
40709
_a
823
100
_a
देसाई रणजित
245
_a
अभोगी
260
_b
अजब पुस्तकालय
_c
1905
300
_a
244
630
_a
अभोगी
730
_a
अभोगी
942
_c
BOOK
999
_c
421533
_d
421530